| 000 | 00000cam 2200000zi 4500 |
| 001 | 9.938171 |
| 003 | CaOODSP |
| 005 | 20260223103419 |
| 006 | m o d f |
| 007 | cr |n||||||||| |
| 008 | 240513e202406 oncdb ob f000 0 eng d |
| 020 | |a9780660719047 |
| 040 | |aCaOODSP|beng|erda|cCaOODSP |
| 043 | |an-cn-bc|apn----- |
| 045 | |ax7y2 |
| 086 | 1 |aFs70-7/2024-027E-PDF |
| 245 | 00|aStock status update of wild geoducks in British Columbia for 2023. |
| 246 | 17|aScience response : |b2023 BC geoduck stock status update |
| 264 | 1|aOttawa : |bCanadian Science Advisory Secretariat, |cJune 2024. |
| 264 | 4|c©2024 |
| 300 | |a1 online resource (12 pages) : |bchart, map. |
| 336 | |atext|btxt|2rdacontent |
| 337 | |acomputer|bc|2rdamedia |
| 338 | |aonline resource|bcr|2rdacarrier |
| 490 | 1 |aScience response, |x1919-3769 ; |v2024/027 |
| 500 | |aIssued also in French under title: Mise à jour de 2023 sur l'état des stocks de panopes sauvages en Colombie-Britannique. |
| 500 | |aCaption title. |
| 504 | |aIncludes bibliographical references (pages 11-12). |
| 650 | 0|aPacific geoduck|zBritish Columbia|zPacific Coast. |
| 650 | 0|aPacific geoduck fisheries|zBritish Columbia|zPacific Coast. |
| 650 | 0|aFish stock assessment|zBritish Columbia|zPacific Coast. |
| 710 | 1 |aCanada. |bDepartment of Fisheries and Oceans. |bPacific Region, |eissuing body. |
| 710 | 2 |aCanadian Science Advisory Secretariat, |eissuing body. |
| 775 | 08|tMise à jour de 2023 sur l'état des stocks de panopes sauvages en Colombie-Britannique.|w(CaOODSP)9.938174 |
| 830 | #0|aScience response (Canadian Science Advisory Secretariat)|v2024/027.|w(CaOODSP)9.506232 |
| 856 | 40|qPDF|s1.02 MB|uhttps://publications.gc.ca/collections/collection_2024/mpo-dfo/fs70-7/Fs70-7-2024-027-eng.pdf |